LEADER 00846nab a2200145 i 4500 001 000000309861 003 CaOOAMICUS 005 20180831173002.0 008 180831n xx uu u0 0und r 013 $a18956 040 $aSeMil$bita 100 1 $aBertani, Carlo,$c.$0(OLS)http://semarc/name/5027 245 10$aControrisposta alle Note illustrative sul transito di Maria SS. per Mons. Domenico Arnaldi in risposta alla critica fatta dal Sac. Carlo Bertani Oblato Miss., ossia Studio sulla questione se Maria SS. sia morta o no. 773 0 $t[Luglio-Dicembre].$g176-192,556-572$w()273971 996 $6245$aControrisposta alle Note illustrative sul transito di Maria SS. per Mons. Domenico Arnaldi in risposta alla critica fatta dal Sac. Carlo Bertani Oblato Miss., ossia Studio sulla questione se Maria SS. sia morta o no$9(OLS)http://semarc/title/384828 LEADER 00759nam a2200205 i 4500 001 000000074975 003 CaOOAMICUS 005 20070606000000.0 008 070606s1922 it u000 u ita u 013 $a46147 040 $aSeMil$bita 100 1 $aNiccodemi, Dario.$0(OLS)http://semarc/name/37070 245 12$aL'ombra :$bcommedia in tre atti /$cdi Dario Niccodemi. 260 $aMilano :$bFratelli Treves,$c1922. 300 $a248 p. ;$c19 cm. 500 $aAi pič del front : 11. migliaio. 850 $aSeMil 852 $aSeMil$W1$xVenegono$y1$m1D V 11$j41127$B41127$CSeMilBibl$Z2$F41131 $81 996 $6245$aL'ombra :$bcommedia in tre atti$9(OLS)http://semarc/title/121643 996 $6260$aMilano :$bFratelli Treves$9(OLS)http://semarc/publisher/30212